European retail property (Record no. 110281)

MARC details
000 -LEADER
fixed length control field 01215cad a22002415a 4500
001 - CONTROL NUMBER
control field E148912
008 - FIXED-LENGTH DATA ELEMENTS--GENERAL INFORMATION
fixed length control field 091126s2009 xxkd f s 000 0 eng d
035 ## - SYSTEM CONTROL NUMBER
System control number (Sirsi) u148912
041 0# - LANGUAGE CODE
Language code of text/sound track or separate title eng
050 04 - LIBRARY OF CONGRESS CALL NUMBER
Classification number 333.337 $2 18
110 2# - MAIN ENTRY--CORPORATE NAME
Corporate name or jurisdiction name as entry element King Sturge
9 (RLIN) 3877
245 00 - TITLE STATEMENT
Title European retail property
Remainder of title light at the end of the tunnel?
Medium [electronic resource]
260 ## - PUBLICATION, DISTRIBUTION, ETC.
Place of publication, distribution, etc. [S.l.]
Name of publisher, distributor, etc. King Sturge
Date of publication, distribution, etc. 2009
490 #0 - SERIES STATEMENT
Series statement King Sturge European Retail Property
Volume/sequential designation 2010
520 ## - SUMMARY, ETC.
Summary, etc. Suggests that although the retail investment market may be showing signs of recovery, the occupier market is still weak. Reports that the balance of power has shifted from landlord to tenant, with rents falling as a result. Forecasts that the next three years will see a stalling of new retail development, with many schemes being postponed.
590 ## - LOCAL NOTE (RLIN)
Local note KA
650 24 - SUBJECT ADDED ENTRY--TOPICAL TERM
Topical term or geographic name entry element KING STURGE EUROPEAN RETAIL PROPERTY
651 #4 - SUBJECT ADDED ENTRY--GEOGRAPHIC NAME
Geographic name Europe
690 ## - LOCAL SUBJECT ADDED ENTRY--TOPICAL TERM (OCLC, RLIN)
Topical term or geographic name as entry element PROPERTY-COMMERCIAL PROPERTY-COMMERCIAL PROPERTY MARKET
690 ## - LOCAL SUBJECT ADDED ENTRY--TOPICAL TERM (OCLC, RLIN)
Topical term or geographic name as entry element PROPERTY-COMMERCIAL PROPERTY-RETAIL PROPERTY
856 40 - ELECTRONIC LOCATION AND ACCESS
Uniform Resource Identifier <a href="https://www.kingsturge.co.uk/en-GB/research/~/media/Publication%20PDFs/ERP_2010.ashx">https://www.kingsturge.co.uk/en-GB/research/~/media/Publication%20PDFs/ERP_2010.ashx</a>
Public note View the research report free of charge at www.kingsturge.co.uk
942 ## - ADDED ENTRY ELEMENTS (KOHA)
Suppress in OPAC 0
Holdings
Withdrawn status Lost status Source of classification or shelving scheme Damaged status Not for loan Home library Current library Shelving location Date acquired Total Checkouts Full call number Barcode Date last seen Copy number Price effective from Koha item type
    Dewey Decimal Classification     Virtual Virtual Online 26/11/2009   ONLINE PUBLICATION 148912-2001 06/08/2019 1 06/08/2019 Book